ABC de la Biodiversidad (Registro nro. 8617)

Detalles MARC
000 -CABECERA
Campo de control 01567nam a22002897a 4500
005 - FECHA Y HORA DE LA ULTIMA TRANSACCION
Campo de control 20150122094855.0
008 - ELEMENTOS DE LONGITUD FIJA—INFORMACION GENERAL
Campo de control 140822b2014 ck ||||| ||||a00| 0 spa d
020 ## - ISBN
ISBN 9789588576176
040 ## - FUENTE DE CATALOGACIÓN
Agencia catalogadora original CO-BoIAVH
Agencia transcriptora CO-BoIAVH
041 ## - IDIOMA
Código de idioma para texto/pista de sonido o título separado Español
044 ## - PAÍS DE PUBLICACIÓN
País de publicación Colombia
082 04 - NUMERO DE CLASIFICACION DECIMAL DEWEY
Número de clasificación 333.95
Número del ítem L86a
100 1# - ASIENTO PRINCIPAL--NOMBRE PERSONAL
Nombre personal López-Arévalo, Hugo F.
245 10 - MENCION DE TITULO
Título ABC de la Biodiversidad
Mención de responsabilidad Hugo Flórez-Arévalo ...(et al.)
260 ## - PUBLICACION, DISTRIBUCION, ETC. (PIE DE IMPRENTA)
Lugar de publicación, distribución, etc. Bogotá
Nombre del editor, distribuidor, etc. Jardín Botánico José Celestino Mutis
-- Universidad Nacional de Colombia, Facultad de Ciencias, Instituto de Ciencias Naturales
Fecha de publicación, distribución, etc. 2014
300 ## - DESCRIPCION FISICA
Extensión 185 p.
Otros detalles físicos fot. (col)
Dimensiones 24 cm.
490 ## - MENCION DE SERIE
Mención de serie Biblioteca José Jerónimo Triana, Colección Retratos de la Biodiversidad
Designación numérica/secuencial del volumen 28
504 ## - NOTA DE BIBLIOGRAFIA, ETC.
Nota de bibliografía Incluye referencias bibliográficas (pag. 165-184)
505 ## - NOTA DE CONTENIDO
Nota de contenido Sección 1. Biodiversidad, conceptos y patrones (pag. 15)<br/>Que es la biodiversidad?<br/>Cuánta biodiversidad hay y dónde se encuentra?<br/>Midiendo la biodiversidad<br/>Biodiversidad y sociedades humanas en Colombia
505 ## - NOTA DE CONTENIDO
Nota de contenido Sección 2. De la historia natural a la conservación de la biodiversidad (pag. 73)<br/>Recuento histórico: hacia el conocimiento de la biodiversidad en Colombia<br/>Causas de pérdida de biodiversidad<br/>Conservando la biodiversidad desde lo global a lo local<br/>Fuentes de información sobre la biodiversidad y la conservación
650 #6 - ASIENTO SECUNDARIO DE MATERIA - TERMINO TEMATICO
Término temático o nombre geográfico como elemento de entrada Diversidad biológica
650 #6 - ASIENTO SECUNDARIO DE MATERIA - TERMINO TEMATICO
Término temático o nombre geográfico como elemento de entrada Medio Ambiente
650 #6 - ASIENTO SECUNDARIO DE MATERIA - TERMINO TEMATICO
Término temático o nombre geográfico como elemento de entrada Recursos Naturales
700 1# - ASIENTO SECUNDARIO - NOMBRE PERSONAL
Nombre personal Montenegro, Olga
700 1# - ASIENTO SECUNDARIO - NOMBRE PERSONAL
Nombre personal Liévano-Latorre, Luisa F.
942 ## - ELEMENTOS ADICIONALES (KOHA)
Sistema de clasificación Dewey Decimal Classification
Tipo de ítem Libro
Koha issues (borrowed), all copies 1
Existencias
Withdrawn status Lost status Sistema de Clasificación Damaged status No para préstamo Colección Inventariado Ubicación Permanente Ubicación actual Fecha de adquisición Fuente de Valor Valor Total Checkouts Número topográfico Inventario / Código de Barras Date last seen Date checked out Ejemplar Price effective from Forma de adquisición Tipo de material
    Dewey Decimal Classification     General Inventariado 2017 Bogotá Bogotá 22/08/2014 Instituto 39000.00 1 LB-333.95 L86a 038268 20/10/2014 22/08/2014 Ej. 1 22/08/2014   Libro